Statystyki dla Skład Osasuny w La Liga 2023/24

Kliknij tutaj aby rozwiązać quiz!

Ogólne statystyki

  • Ten quiz został rozwiązany 3 razy
  • Średni wynik to 11 z 24

Statystyki odpowiedzi

NumerZawodnik% Poprawnych
5David Garcia
100%
18Kike Garcia
100%
14Ruben Garcia
100%
4Unai Garcia
100%
22Aimar Oroz
67%
25Aitor Fernandez
67%
17Ante Budimir
67%
9Chimy Avila
67%
15Ruben Pena
67%
8Darko Brasanac
33%
7Jon Moncayola
33%
31Jorge Herrando
33%
3Juan Cruz
33%
11Kike Barja
33%
6Lucas Torro
33%
20Manu Sanchez
33%
16Moi Gomez
33%
2Nacho Vidal
33%
19Pablo Ibanez
33%
1Sergio Herrera
33%
12Abdessamad Ezzalzouli
0%
23Aridane Hernandez
0%
33Iker Benito
0%
-Kike Saverio
0%

Rozkład punktacji

Percentyl według liczby udzielonych odpowiedzi

Procent ludzi z każdym wynikiem

Twoja historia wyników

Nie rozwiązałeś tego quizu